| 000 | 00544 a2200169 4500 | ||
|---|---|---|---|
| 999 |
_c6398 _d6398 |
||
| 020 | _a9789380252629 | ||
| 050 | _aZ666JOT2009 | ||
| 100 |
_aJothin Arul _eauthor |
||
| 245 |
_a Checking... Library and information resource management / _cArul Jothi; D L Balaji; Pramod Kumar Singh |
||
| 264 |
_aNew Delhi, India : _bCentrum Press, _c2009 |
||
| 300 | _a288p. : | ||
| 500 | _aincludes index | ||
| 650 | _a Library resources -- Management. | ||
| 700 |
_aBalaji D.L _eauthor |
||
| 700 |
_aSingh Pramod Kumar _eauthor |
||
| 942 |
_2lcc _cBK _h666 _iJOT _kZ |
||